La turista; (Record no. 140125)
[ view plain ]
| 000 -LEADER | |
|---|---|
| fixed length control field | 00372cam3a220013300 4500 |
| 001 - CONTROL NUMBER | |
| control field | lce00635893 |
| 008 - FIXED-LENGTH DATA ELEMENTS--GENERAL INFORMATION | |
| fixed length control field | 680301s1968 inua 000 0 eng |
| 035 ## - SYSTEM CONTROL NUMBER | |
| System control number | (Sirsi) r10930 |
| 050 0# - LIBRARY OF CONGRESS CALL NUMBER | |
| Classification number | PS 3569.H398 SHE 1968 |
| 100 1# - MAIN ENTRY--PERSONAL NAME | |
| Personal name | Shepard, Sam |
| 245 13 - TITLE STATEMENT | |
| Title | La turista; |
| Remainder of title | a play in two acts/ |
| Statement of responsibility, etc. | Sam Shepard |
| 260 ## - PUBLICATION, DISTRIBUTION, ETC. | |
| Place of publication, distribution, etc. | Indianapolis, |
| Name of publisher, distributor, etc. | Bobbs-Merrill |
| Date of publication, distribution, etc. | [1968] |
| 300 ## - PHYSICAL DESCRIPTION | |
| Extent | xv, 71p. |
No items available.